Statistiken für Länder Europas nach Tourismus

Klicken Sie hier um das Quiz zu spielen!

Allgemein

  • Dieses Quiz wurde 202 mal gespielt
  • Das Durchschnittsergebnis liegt bei 15 aus 43

Antwortstatistiken

BesucherLand% Korrekt
89,4Frankreich
100%
82,8Spanien
97%
38,9Deutschland
94%
62,1Italien
94%
36,3Vereinigtes Königreich
90%
30,8Österreich
79%
30,1Griechenland
74%
22,8Portugal
61%
24,6Russland
61%
19Niederlande
58%
19,6Polen
58%
16,6Kroatien
48%
17,2Ungarn
39%
11,7Schweiz
38%
11,7Dänemark
34%
13,7Tschechien
31%
9,2Belgien
30%
7,1Schweden
30%
6,3Norwegen
28%
10,4Irland
26%
0,078San Marino
26%
14,2Ukraine
25%
0,085Liechtenstein
23%
9,3Bulgarien
22%
0,16Moldawien
19%
0,35Monaco
19%
3,2Finnland
18%
4,4Slowenien
17%
6Slowakei
15%
5,3Albanien
14%
2,6Malta
13%
2,8Rumänien
13%
3,2Estland
12%
1,9Lettland
12%
3Andorra
11%
1,1Bosnien und Herzegowina
11%
2,8Litauen
11%
2,1Montenegro
11%
0,7Nordmazedonien
11%
1,7Serbien
11%
2,1Weißrussland
11%
2,3Island
10%
1Luxemburg
10%

Verteilung der Resultate

Perzentil nach korrekt beantworteten Fragen

Anzahl Personen mit jedem Resultat

Ihre Resultats-Entwicklung

Sie haben dieses Quiz noch nicht gespielt